• 首页
  • 本馆介绍
  • 公告通知
  • 最新文献
  • 馆藏检索
  • 电子资源
  • 读者导购
  • 参考咨询
  • 我的图书馆
  • 登录
  • 详细信息显示
  • 放入我的书架
  • 预约/预借图书
  • 作者相关作品
  • 分类相关作品
  • 丛书相关作品
  • 出版社相关作品

书目信息

  • 表格格式
  • 工作单格式
  • 卡片格式
题名:
《残疾人权利公约》研究
    
 
作者: 奎因 , 李敬 编著 ;陈博 , 傅志军 译
分册: 2014  
出版信息: 北京   人民出版社  2015.7
页数: 496页
开本: 24cm
丛书名: 残障与发展系列译丛
单 册:
中图分类: D997.1
科图分类:
主题词: 残疾人--权利--国际条约--研究
电子资源:
ISBN: 978-7-01-014553-2
000 01404nam0 2200313 450
001 351792
005 20161017103650.91
010    @a978-7-01-014553-2@dCNY46.00
100    @a20160330d2015 em y0chiy50 ea
101 1  @achi@ceng
102    @aCN@b110000
105    @ay z 000yy
106    @ar
200 1  @a《残疾人权利公约》研究@e海外视角@h2014@dSelected readings on the studies of convention on the rights of persons with disabilities@einternational perspectives@h2014@f(爱尔兰)杰拉德·奎因,李敬编著@g陈博,傅志军等译@zeng
210    @a北京@c人民出版社@d2015.7
215    @a496页@d24cm
225 2  @a残障与发展系列译丛
330    @a本书共分为总论、实体权利和实施三个部分,收录了11篇针对《残疾人权利公约》进行研究的论文。内容包括:《残障研究、社会模式与法律发展》、《残障与人权:联合国内新天地》、《多维度社会不利因素性平等的未来?》、《把“人”放回“人权”中:联合国残障公约中的人格与理论创新》等。
410  0 @12001 @a残障与发展系列译丛
510 1  @aSelected readings on the studies of convention on the rights of persons with disabilities@einternational perspectives@h2014@zeng
517 1  @a海外视角
606 0  @a残疾人@x权利@x国际条约@x研究
690    @aD997.1@v5
701  0 @c(爱尔兰)@a奎因@c(Quinn, Gerard)@4编著
701  0 @a李敬@c(女,社会学)@4编著
702  0 @a陈博@4译
702  0 @a傅志军@4译
801  0 @aCN@bTANGWEI@c20161009
905    @b0896540-4@dD997.1@e162@f5
    
    《残疾人权利公约》研究:海外视角.2014=Selected readings on the studies of convention on the rights of persons with disabilities:international perspectives.2014/(爱尔兰)杰拉德·奎因,李敬编著/陈博,傅志军等译.-北京:人民出版社,2015.7
    496页;24cm.-(残障与发展系列译丛)
    
    
    ISBN 978-7-01-014553-2:CNY46.00
    本书共分为总论、实体权利和实施三个部分,收录了11篇针对《残疾人权利公约》进行研究的论文。内容包括:《残障研究、社会模式与法律发展》、《残障与人权:联合国内新天地》、《多维度社会不利因素性平等的未来?》、《把“人”放回“人权”中:联合国残障公约中的人格与理论创新》等。
●
相关链接 在E读中查询图书 在五车中查询图书 在当当中查询图书 在豆瓣中查询图书


正题名:《残疾人权利公约》研究     索取号:D997.1/162         预约/预借

序号 登录号 条形码 馆藏地/架位号 状态 备注
1 0896540   208965404   第一样本阅览室/ [索取号:D997.1/162] 在馆    
2 0896541   208965413   第一借阅区/ [索取号:D997.1/162] 在馆    
3 0896542   208965422   第一借阅区/ [索取号:D997.1/162] 在馆    
4 0896543   208965431   第一借阅区/ [索取号:D997.1/162] 在馆    
5 0896544   208965440   密集书库-史法系/ [索取号:D997.1/162] 在馆    
唐山师范学院图书馆 欢迎您!
大连网信软件有限公司© 版权所有